| 000 | 00660cam a2200205 4500 | ||
|---|---|---|---|
| 001 | ABS61894 | ||
| 008 | 000000n2000 000 0 eng u | ||
| 035 | _a(Sirsi) u104602 | ||
| 100 | _aMcIntosh, A. | ||
| 245 | _aBirmingham retail and leisure | ||
| 260 | _c2000 | ||
| 490 |
_aProperty Forecast _v3(3) February 2000 6-8(3) |
||
| 520 | _aDescribes the urban renaissance currently taking place in Birmingham and the effects it is having on the retail and leisure property markets. | ||
| 590 | _aABS | ||
| 650 | _aBIRMINGHAM | ||
| 650 | _aRETAIL | ||
| 650 | _aLEISURE | ||
| 690 | _aPROPERTY-COMMERCIAL PROPERTY-COMMERCIAL PROPERTY MARKET | ||
| 942 | _n0 | ||
| 999 |
_c62761 _d62761 |
||